Loading...
| Fine Arts - Classical Music and Opera | 11 | 10.00 | 64% | 36% | 0% |
| Fine Arts - Other Arts | 6 | 21.67 | 83% | 83% | 50% |
| Fine Arts - Painting and Sculpture | 8 | 13.75 | 100% | 38% | 0% |
| Geography | 3 | 13.33 | 67% | 67% | 0% |
| History - American History | 4 | 17.50 | 100% | 75% | 0% |
| History - European History | 3 | 10.00 | 33% | 67% | 0% |
| History - Other History | 7 | 11.43 | 57% | 43% | 14% |
| History - World History | 4 | 20.00 | 100% | 75% | 25% |
| Literature - American Literature | 5 | 10.00 | 80% | 20% | 0% |
| Literature - British Literature | 5 | 16.00 | 100% | 60% | 0% |
| Literature - European Literature | 8 | 12.50 | 88% | 25% | 13% |
| Literature - World Literature | 3 | 13.33 | 67% | 67% | 0% |
| Modern World | 1 | 20.00 | 100% | 100% | 0% |
| Mythology | 1 | 10.00 | 100% | 0% | 0% |
| Other Academic | 1 | 10.00 | 100% | 0% | 0% |
| Other Culture | 2 | 25.00 | 100% | 100% | 50% |
| Other Science (Astronomy) | 1 | 10.00 | 100% | 0% | 0% |
| Other Science (Earth Science) | 2 | 5.00 | 50% | 0% | 0% |
| Other Science (Engineering) | 1 | 10.00 | 100% | 0% | 0% |
| Other Science (Math) | 1 | 10.00 | 100% | 0% | 0% |
| Philosophy | 3 | 16.67 | 100% | 67% | 0% |
| Religion | 4 | 10.00 | 75% | 25% | 0% |
| Science - Biology | 4 | 7.50 | 75% | 0% | 0% |
| Science - Chemistry | 4 | 12.50 | 100% | 25% | 0% |
| Science - Physics | 2 | 5.00 | 0% | 50% | 0% |
| Social Science | 8 | 11.25 | 88% | 13% | 13% |